Statistiques concernant Le plus grande ville commençant par S dans ce pays

Cliquez ici pour prendre le quiz!

Statistiques générales

  • Ce quiz a été pris 194 fois
  • Le résultat moyen est 11 sur 21

Statistiques - réponses

PaysS-ville% Correct
SuèdeStockholm
90%
RussieSaint Petersbourg
86%
BresilSão Paulo
84%
AutricheSalzbourg
79%
EspagneSeville
78%
FranceStrasbourg
75%
ChineShanghai
72%
MacedoineSkopje
72%
AllemagneStuttgart
63%
CroatieSplit
58%
États-UnisSan Antonio
48%
Royaume-UniSouthampton
46%
CubaSantiago de Cuba
35%
JaponSapporo
34%
TunisieSfax
34%
IndonesieSurabaya
27%
NorvègeStavanger
23%
MarocSale
21%
OuzbekistanSamarcande
18%
IndeSurate
16%
HongrieSzeged
12%

Distribution des résultats

Percentile par nombre de réponses

% des personnes avec chaque résultat

Votre développement - résultats

Vous n’avez pas pris ce quiz